000 01124cam a2200313Ia 4500
999 _c1621
_d1621
001 424627
003 OSt
005 20180918162425.0
008 980915s1998 enkab b 001 0 eng d
020 _a1857922697
035 _a(OCoLC)39869772
035 _a(OCoLC)ocm39869772
040 _aVRD
_cVRD
_dBAN
_dPTS
049 _aPTSS
082 _a266
_bJ736C
090 _aBV601.8
_b.J64 1998
100 1 _aJohnstone, Patrick J. St. G.
245 1 4 _aThe church is bigger than you think :
_bstructures and strategies for the church in the 21st century /
_cPatrick Johnstone.
260 _aFearn, Ross-shire, Great Britain :
_bChristian Focus Publications ;
_aGerrards Cross, Bucks, Great Britain :
_bWEC,
_c1998.
300 _a314 p. :
_bill. maps ;
_c22 cm.
500 _a"The unfinished work of world evangelisation" -- subtitle on cover.
504 _aIncludes bibliographical references (p. [293]-301) and index.
650 0 _aMission of the church.
650 0 _aEvangelistic work.
650 0 _aMissions
_xTheory.
650 0 _aMissions
_xForecasting.
650 0 _aChristianity
_xForecasting.
942 _2ddc
_cBK